[Event "US op 123nd"]
[Site "Grand Rapids"]
[Date "2023.08.06"]
[Round "9"]
[White "Clayton, Ryan Dani"]
[Black "Jou, Esther"]
[Result "1-0"]
[WhiteElo "2117"]
[BlackElo "1870"]
[PlyCount "61"]
[EventDate "2023.07.29"]
[EventType "swiss"]
[EventRounds "9"]
[EventCountry "USA"]
[SourceTitle "CBM 215 Extra"]
[Source "ChessBase"]
[SourceDate "2023.09.30"]
[SourceVersion "1"]
[SourceVersionDate "2023.09.30"]
[SourceQuality "1"]

1. Nf3 d5 2. g3 e6 3. Bg2 Nf6 4. 0-0 c5 5. d4 Nc6 6. c4 dxc4 7. dxc5 Qxd1 8. Rxd1 Bxc5 9. Nbd2 c3 10. bxc3 0-0 11. Nb3 Bb6 12. Ba3 Re8 13. Nfd4 Ne5 14. Nb5 Nc4 15. Bc5 Bd7 16. a4 Bxb5 17. axb5 Nd5 18. Rd4 Na5 19. Rxa5 Bxa5 20. Nxa5 b6 21. Ba3 bxa5 22. c4 Rab8 23. cxd5 exd5 24. Rxd5 Rxe2 25. Rd7 h6 26. Bc6 Ra2 27. Bd6 Re8 28. Rxa7 Re1+ 29. Kg2 Ree2 30. Bc5 Rec2 31. Ra8+ 1-0

[Event "Akron Cardinal op"]
[Site "Akron"]
[Date "2023.02.05"]
[Round "4"]
[White "Adury, Anant"]
[Black "Clayton, Ryan Dani"]
[Result "1-0"]
[WhiteElo "2101"]
[BlackElo "2165"]
[PlyCount "85"]
[EventDate "2023.02.03"]
[EventType "swiss"]
[EventRounds "5"]
[EventCountry "USA"]
[SourceTitle "CBM 212 Extra"]
[Source "ChessBase"]
[SourceDate "2023.03.31"]
[SourceVersion "1"]
[SourceVersionDate "2023.03.31"]
[SourceQuality "1"]

1. e4 c5 2. Nf3 d6 3. d4 cxd4 4. Nxd4 Nf6 5. Nc3 a6 6. h3 e5 7. Nde2 h5 8. Nd5 Nxd5 9. Qxd5 Nc6 10. Be3 Be6 11. Qd2 d5 12. exd5 Qxd5 13. Qxd5 Bxd5 14. Nc3 Be6 15. 0-0-0 Rd8 16. Rxd8+ Kxd8 17. Be2 Kc7 18. Rd1 g6 19. Nd5+ Bxd5 20. Rxd5 Bh6 21. Kd2 h4 22. Bxh6 Rxh6 23. c3 g5 24. Bg4 f5 25. Bxf5 Rf6 26. Rd7+ Kb6 27. Be4 Rxf2+ 28. Kc1 Rf4 29. Bd5 e4 30. b4 Rf1+ 31. Kc2 Rf2+ 32. Kd1 Rxg2 33. a4 Rg3 34. a5+ Nxa5 35. bxa5+ Kxa5 36. Be6 b5 37. Kc2 Rg2+ 38. Kb3 e3 39. Bg4 Kb6 40. Rd6+ Kc5 41. Rxa6 e2 42. Re6 Rg3 43. Re5+ 1-0

[Event "Akron Cardinal op"]
[Site "Akron"]
[Date "2023.02.05"]
[Round "5"]
[White "Clayton, Ryan Dani"]
[Black "Winters, Lance"]
[Result "1-0"]
[WhiteElo "2165"]
[BlackElo "1830"]
[PlyCount "59"]
[EventDate "2023.02.03"]
[EventType "swiss"]
[EventRounds "5"]
[EventCountry "USA"]
[SourceTitle "CBM 212 Extra"]
[Source "ChessBase"]
[SourceDate "2023.03.31"]
[SourceVersion "1"]
[SourceVersionDate "2023.03.31"]
[SourceQuality "1"]

1. e4 c5 2. Nf3 Nc6 3. d4 cxd4 4. Nxd4 g6 5. c4 Bg7 6. Be3 Qb6 7. Nb5 Qa5+ 8. N1c3 Nf6 9. f3 0-0 10. Be2 d6 11. 0-0 a6 12. Nd4 Nxd4 13. Bxd4 Be6 14. a3 Rfc8 15. b4 Qd8 16. Nd5 Bxd5 17. exd5 b5 18. cxb5 axb5 19. Bxb5 Nxd5 20. Bxg7 Qb6+ 21. Qd4 Qxb5 22. Bh6 f6 23. Rfc1 Rxc1+ 24. Rxc1 Rxa3 25. Rc5 Rd3 26. Qe4 Rd1+ 27. Kf2 Qf1+ 28. Kg3 Nf4 29. Rc8+ Kf7 30. Rf8# 1-0

[Event "Titled Tuesday intern op 13th Apr"]
[Site "Chess.com INT"]
[Date "2021.04.13"]
[Round "2"]
[White "Clayton, Ryan Dani"]
[Black "Shkapenko, Pavel"]
[Result "0-1"]
[WhiteElo "2124"]
[BlackElo "2424"]
[PlyCount "54"]
[EventDate "2021.04.13"]
[EventType "swiss (blitz)"]
[EventRounds "11"]
[EventCountry "USA"]
[SourceTitle "CBM 201 Extra"]
[Source "ChessBase"]
[SourceDate "2021.05.31"]
[SourceVersion "1"]
[SourceVersionDate "2021.05.31"]
[SourceQuality "1"]

1. e4 e5 2. Nf3 Nc6 3. Bc4 d6 4. h3 f5 5. d3 Qf6 6. Nc3 Be6 7. Bg5 Qf7 8. exf5 Qxf5 9. Qd2 h6 10. Be3 0-0-0 11. 0-0-0 d5 12. Bb5 d4 13. Bxc6 bxc6 14. Ne4 dxe3 15. Qa5 Bd5 16. fxe3 Nf6 17. Rhf1 Nxe4 18. dxe4 Qxe4 19. Rd3 Bd6 20. Qa6+ Kd7 21. Nd2 Qxg2 22. c4 Be4 23. Rxd6+ Kxd6 24. c5+ Ke7 25. Qa5 Qxd2+ 26. Qxd2 Rxd2 27. Kxd2 Rf8 0-1

[Event "Columbus op"]
[Site "Columbus"]
[Date "2017.06.24"]
[Round "3"]
[White "Clayton, Ryan Dani"]
[Black "Zheng, Michael Zihan"]
[Result "0-1"]
[WhiteElo "2132"]
[BlackElo "1778"]
[PlyCount "28"]
[EventDate "2017.06.23"]
[EventType "swiss"]
[EventRounds "5"]
[EventCountry "USA"]
[SourceTitle "EXT 2023"]
[Source "ChessBase"]
[SourceDate "2022.10.05"]
[SourceVersion "1"]
[SourceVersionDate "2022.10.05"]
[SourceQuality "1"]

1. d4 Nf6 2. c4 g6 3. Nc3 d5 4. Nf3 Bg7 5. Qb3 dxc4 6. Qxc4 0-0 7. e4 Nc6 8. Be2 Bg4 9. e5 Nd7 10. Be3 Nb6 11. Qc5 a5 12. h3 Bxf3 13. Bxf3 Nb4 14. Rc1 Nd3+ 0-1

[Event "Titled Tuesday intern op1 6th Sept"]
[Site "Chess.com INT"]
[Date "2016.09.06"]
[Round "1"]
[White "Antonio, Rogelio Jr"]
[Black "Clayton, Ryan Dani"]
[Result "1-0"]
[WhiteElo "2480"]
[BlackElo "2127"]
[PlyCount "53"]
[EventDate "2016.09.06"]
[EventType "swiss (blitz)"]
[EventRounds "9"]
[EventCountry "USA"]
[SourceTitle "EXT 2021"]
[Source "ChessBase"]
[SourceDate "2020.10.23"]
[SourceVersion "1"]
[SourceVersionDate "2020.10.23"]
[SourceQuality "1"]

1. e4 e5 2. Nf3 Nc6 3. Nc3 Nf6 4. Bb5 Bb4 5. 0-0 0-0 6. d3 d6 7. Bg5 Bxc3 8. bxc3 Bg4 9. h3 Bh5 10. g4 Bg6 11. Nh4 a6 12. Bxc6 bxc6 13. Nf5 Bxf5 14. gxf5 d5 15. Qf3 dxe4 16. dxe4 Qe7 17. Kh1 Kh8 18. Rg1 Rab8 19. Rg2 Qc5 20. Rag1 Ne8 21. Qh5 f6 22. Be3 Qxc3 23. Bh6 Rg8 24. Rg3 Qc4 25. Rg4 Rb4 26. Be3 Qxc2 27. Qxh7+ 1-0

[Event "Titled Tuesday intern op 7th June"]
[Site "Chess.com INT"]
[Date "2016.06.07"]
[Round "8"]
[White "Clayton, Ryan Dani"]
[Black "Brock, Lesnar"]
[Result "0-1"]
[WhiteElo "2184"]
[BlackElo "2364"]
[PlyCount "84"]
[EventDate "2016.06.07"]
[EventType "swiss (blitz)"]
[EventRounds "9"]
[EventCountry "USA"]
[SourceTitle "EXT 2021"]
[Source "ChessBase"]
[SourceDate "2020.10.23"]
[SourceVersion "1"]
[SourceVersionDate "2020.10.23"]
[SourceQuality "1"]

1. d4 Nf6 2. c4 e6 3. Nf3 d5 4. Nc3 dxc4 5. e3 a6 6. Bxc4 b5 7. Be2 Bb7 8. 0-0 Nbd7 9. Qc2 c5 10. Rd1 cxd4 11. Nxd4 Qb8 12. Nb3 Bd6 13. Na5 Bxh2+ 14. Kh1 Bc7 15. Nxb7 Qxb7 16. Bf3 Qa7 17. Bxa8 Qxa8 18. b3 0-0 19. Bb2 Rc8 20. Qe2 b4 21. Na4 Qe4 22. Qf3 Qh4+ 23. Qh3 Qxf2 24. Rac1 Ne4 25. Rxd7 Ng3+ 26. Qxg3 Qxg3 27. Rcxc7 Qxc7 28. Rxc7 Rxc7 29. Kg1 Rc2 30. Bd4 Rxa2 31. Bc5 Ra3 32. Bxb4 Rxb3 33. Bc5 Rb1+ 34. Kf2 Ra1 35. Nc3 f6 36. Kf3 Kf7 37. Ne4 g5 38. Nd6+ Kg6 39. Ne8 Rc1 40. Bd4 a5 41. Nxf6 Rf1+ 42. Ke2 Rxf6 0-1

[Event "Titled Tuesday intern op1 7th June"]
[Site "Chess.com INT"]
[Date "2016.06.07"]
[Round "1"]
[White "Clayton, Ryan Dani"]
[Black "Kireev, Aleksei"]
[Result "0-1"]
[WhiteElo "2184"]
[BlackElo "2351"]
[PlyCount "55"]
[EventDate "2016.06.07"]
[EventType "swiss (blitz)"]
[EventRounds "9"]
[EventCountry "USA"]
[SourceTitle "EXT 2021"]
[Source "ChessBase"]
[SourceDate "2020.10.23"]
[SourceVersion "1"]
[SourceVersionDate "2020.10.23"]
[SourceQuality "1"]

1. d4 d6 2. c4 g6 3. Nc3 c6 4. e4 e5 5. Nf3 Bg7 6. Be3 Nd7 7. h3 Qe7 8. Be2 Ngf6 9. Qc2 0-0 10. 0-0 Re8 11. d5 c5 12. a3 b6 13. b4 a6 14. Rab1 Qd8 15. Na4 Qc7 16. bxc5 bxc5 17. Rb2 Bb7 18. Rfb1 Reb8 19. Nb6 Nxb6 20. Rxb6 Nd7 21. R6b3 Bc8 22. Bd1 Rxb3 23. Qxb3 Rb8 24. Qa2 Rxb1 25. Qxb1 Qa5 26. Qb3 Bf6 27. Bd2 Qb6 28. Qb2 0-1

[Event "Titled Tuesday intern op 5th Jan"]
[Site "Chess.com INT"]
[Date "2016.01.05"]
[Round "7"]
[White "Clayton, Ryan Dani"]
[Black "Deviatkin, Andrei"]
[Result "0-1"]
[WhiteElo "2081"]
[BlackElo "2528"]
[PlyCount "52"]
[EventDate "2016.01.05"]
[EventType "swiss (blitz)"]
[EventRounds "9"]
[EventCountry "USA"]
[SourceTitle "EXT 2021"]
[Source "ChessBase"]
[SourceDate "2020.10.23"]
[SourceVersion "1"]
[SourceVersionDate "2020.10.23"]
[SourceQuality "1"]

1. d4 d5 2. c4 c6 3. Nc3 e5 4. cxd5 cxd5 5. dxe5 d4 6. Nb1 Nc6 7. Nf3 Bg4 8. Nbd2 f6 9. exf6 Nxf6 10. g3 Qd7 11. Bg2 0-0-0 12. 0-0 Bh3 13. Nb3 Bxg2 14. Kxg2 Qd5 15. Bf4 h6 16. Rc1 g5 17. Be5 Be7 18. Qxd4 g4 19. Qxa7 gxf3+ 20. exf3 Qxe5 21. Na5 Qc7 22. Nxc6 bxc6 23. Qa6+ Kd7 24. Rfd1+ Ke8 25. Rxc6 Qb8 26. Re1 Kf7 0-1

[Event "Titled Tuesday intern op 5th Jan"]
[Site "Chess.com INT"]
[Date "2016.01.05"]
[Round "3"]
[White "Clayton, Ryan Dani"]
[Black "Leiva Rodriguez, Jeammarco Giuseppe"]
[Result "1-0"]
[WhiteElo "2081"]
[BlackElo "2384"]
[PlyCount "97"]
[EventDate "2016.01.05"]
[EventType "swiss (blitz)"]
[EventRounds "9"]
[EventCountry "USA"]
[SourceTitle "EXT 2021"]
[Source "ChessBase"]
[SourceDate "2020.10.23"]
[SourceVersion "1"]
[SourceVersionDate "2020.10.23"]
[SourceQuality "1"]

1. d4 Nf6 2. c4 e6 3. Nf3 b6 4. a3 Bb7 5. Nc3 g6 6. d5 Bg7 7. e4 0-0 8. Be2 d6 9. 0-0 e5 10. h3 Nh5 11. Be3 Nf4 12. b4 f5 13. exf5 gxf5 14. Bxf4 exf4 15. Nb5 Bxa1 16. Qxa1 Na6 17. Nbd4 Qf6 18. Qc1 Rae8 19. Bd3 Re4 20. Ne6 Rxe6 21. dxe6 Bxf3 22. gxf3 Qxe6 23. Qxf4 c5 24. b5 Nb8 25. Kh1 Nd7 26. Rg1+ Kh8 27. Qg3 Qg6 28. Qxg6 hxg6 29. Rxg6 Ne5 30. Rxd6 Nxf3 31. Kg2 Nd4 32. Rd5 Rf7 33. h4 Kg7 34. Kg3 Kf6 35. Rd6+ Ke5 36. Rh6 Rg7+ 37. Kh3 Kf4 38. h5 Kf3 39. Rg6 Rh7 40. h6 Kxf2 41. Kh4 f4 42. Kg5 Ke3 43. Bf1 f3 44. Rf6 Kf2 45. Bh3 Kg3 46. Bf1 f2 47. Kg6 Rh8 48. Kg7 Re8 49. h7 1-0

[Event "Titled Tuesday intern op 5th Jan"]
[Site "Chess.com INT"]
[Date "2016.01.05"]
[Round "5"]
[White "Klekowski, Maciej"]
[Black "Clayton, Ryan Dani"]
[Result "1-0"]
[WhiteElo "2457"]
[BlackElo "2081"]
[PlyCount "57"]
[EventDate "2016.01.05"]
[EventType "swiss (blitz)"]
[EventRounds "9"]
[EventCountry "USA"]
[SourceTitle "EXT 2021"]
[Source "ChessBase"]
[SourceDate "2020.10.23"]
[SourceVersion "1"]
[SourceVersionDate "2020.10.23"]
[SourceQuality "1"]

1. e4 e5 2. Nf3 Nc6 3. Bb5 f5 4. Nc3 fxe4 5. Nxe4 Nf6 6. Qe2 d5 7. Nxf6+ gxf6 8. d4 Bg7 9. dxe5 0-0 10. 0-0 Nxe5 11. h3 Bf5 12. Bf4 Be4 13. Nd4 c6 14. Bd3 Bxd3 15. cxd3 Qd7 16. Rad1 c5 17. Nb3 b6 18. Bg3 Rae8 19. Qh5 f5 20. d4 f4 21. Bh2 Ng6 22. dxc5 d4 23. c6 Qd6 24. Qb5 Ne5 25. Nxd4 f3 26. Bxe5 Rxe5 27. Qc4+ Kh8 28. Nxf3 Qe6 29. Nxe5 1-0

[Event "Titled Tuesday intern op 5th Jan"]
[Site "Chess.com INT"]
[Date "2016.01.05"]
[Round "1"]
[White "Rodriguez Portela, Daniel"]
[Black "Clayton, Ryan Dani"]
[Result "0-1"]
[WhiteElo "2295"]
[BlackElo "2081"]
[PlyCount "40"]
[EventDate "2016.01.05"]
[EventType "swiss (blitz)"]
[EventRounds "9"]
[EventCountry "USA"]
[SourceTitle "EXT 2021"]
[Source "ChessBase"]
[SourceDate "2020.10.23"]
[SourceVersion "1"]
[SourceVersionDate "2020.10.23"]
[SourceQuality "1"]

1. e4 e5 2. Nf3 Nc6 3. Bc4 Nf6 4. Ng5 Bc5 5. Nxf7 Bxf2+ 6. Kf1 Qe7 7. Nxh8 d5 8. exd5 Bg4 9. Be2 Bxe2+ 10. Qxe2 Nd4 11. Qxf2 0-0-0 12. d3 Rxh8 13. Bg5 Rf8 14. c3 Ng4 15. Bxe7 Rxf2+ 16. Ke1 Nc2+ 17. Kd1 Nce3+ 18. Ke1 Nxg2+ 19. Kd1 N4e3+ 20. Kc1 Rc2# 0-1